• 首页
  • 本馆介绍
  • 公告通知
  • 最新文献
  • 馆藏检索
  • 电子资源
  • 读者荐购
  • 参考咨询
  • CALIS
  • 我的图书馆
  • 登录
  • 详细信息显示
  • 放入我的书架
  • 预约/预借图书
  • 作者相关作品
  • 分类相关作品
  • 丛书相关作品
  • 出版社相关作品

书目信息

  • 表格格式
  • 工作单格式
  • 卡片格式
题名:
现代室内装饰手册:私家居室篇
    
 
作者: 陈同纲 , 陈焱 主编
分册:  
出版信息: 北京   中国计划出版社  2000.06
页数: 304页
开本: 16开
丛书名:
单 册:
中图分类: TU238.2
科图分类:
主题词: 建筑设计
电子资源:
ISBN: 7-80058-844-0
 
 
 
 
 
000 00608nam0 2200193 45
001 0010201638
005 20080825161308.85
010    @a7-80058-844-0@d40.00元
100    @a20001020d2000 km y0chiy0120 ea
101 0  @achi
200 1  @a现代室内装饰手册:私家居室篇@AXian Dai Shi Nei Zhuang Shi Shou Ce:Si Jia Ju Shi Pian@f陈同纲,陈焱主编@FChen Tong Gang,Chen Yan Zhu Bian
210    @a北京@c中国计划出版社@d2000.06
215    @a304页@d16开
606 0  @a建筑设计
690    @aTU238.2@v3
701  0 @a陈同纲@4主编
701  0 @a陈焱@4主编
801    @aCN@bPftUser@c20080825
905    @dTU238.2@eCH280@b212618-622@f5
    
    现代室内装饰手册:私家居室篇/陈同纲,陈焱主编.-北京:中国计划出版社,2000.06
    304页;16开
    
    
    ISBN 7-80058-844-0:40.00元
    
●
相关链接 在E读中查询图书 在当当中查询图书 在豆瓣中查询图书


正题名:现代室内装饰手册:私家居室篇     索取号:TU238.2/CH280         预约/预借

序号 登录号 条形码 馆藏地/架位号 状态 备注
1 212618   202126181   建筑库101/101建筑库 55排2列2层/ [索取号:TU238.2/CH280] 在馆    
2 212619   202126190   自科二线404/404自科库 13排5列1层/ [索取号:TU238.2/CH280] 在馆    
3 212620   202126207   建筑库101/ [索取号:TU238.2/CH280] 在馆    
4 212621   202126216   自科二线404/404自科库 6排6列1层/ [索取号:TU238.2/CH280] 在馆    
5 212622   202126225   自科二线404/404自科库 13排5列1层/ [索取号:TU238.2/CH280] 在馆    
6 714839   207148399   建筑库101/101建筑库 53排6列4层/ [索取号:TU238.2/CH280] 在馆    
7 714840   207148406   建筑库101/101建筑库 53排6列4层/ [索取号:TU238.2/CH280] 在馆    
8 714841   207148415   建筑库101/101建筑库 53排6列4层/ [索取号:TU238.2/CH280] 在馆    
河南城建学院图书馆 欢迎您!
大连网信软件有限公司© 版权所有